KIRK DİYARINDAN MASALLAR (Record no. 937521)

MARC details
000 -LEADER
sabit uzunluktaki kontrol alanı 00254nam a2200097Ia 4500
001 - KONTROL NUMARASI
kontrol alanı 937521
005 - EN SON İŞLEMİN TARİH VE ZAMANI
kontrol alanı 20250826215107.0
008 - SABİT-UZUNLUKTA VERİ ÖĞELERİ--GENEL BİLGİ
sabit uzunluktaki kontrol alanı 250824s9999 xx 000 0 und d
245 #0 - ESER / YAZAR
ESER ADI KIRK DİYARINDAN MASALLAR
Yazar Adı HULUSİ ÜSTÜN
260 ## - YAYIN, DAĞITIM, VB.
YAYIN EVİ ÇINARALTI YAYINLARI
Holdings
Düşüm durumu Kayıp durumu Hasar Durumu Ödünç verilmez Ana kütüphane Geçerli Kütüphane Edinilen tarih Toplam ödünç verme sayısı Barkod Son görüntüleme tarihi Fiyatın geçerli olmaya başladığı tarih Koha materyal türü
        HASAN AKBIYIK İLK VE ORTAOKULU HASAN AKBIYIK İLK VE ORTAOKULU 24.08.2025   10571871 26.08.2025 26.08.2025 Books